Normal view
MARC view
- Anne Greenbaum & Timothy P.Chartier
Entry Personal Name
001 - CONTROL NUMBER
- control field: 23832
003 - CONTROL NUMBER IDENTIFIER
- control field: NUST
005 - DATE AND TIME OF LATEST TRANSACTION
- control field: 20191014124919.0
008 - FIXED-LENGTH DATA ELEMENTS
- fixed length control field: 191014|| aca||aabn | a|a d
040 ## - CATALOGING SOURCE
- Original cataloging agency: NUST
- Transcribing agency: NUST
100 ## - HEADING--PERSONAL NAME
- Personal name: Anne Greenbaum & Timothy P.Chartier
670 ## - SOURCE DATA FOUND
- Source citation: Work cat.: (NUST): Anne Greenbaum & Timothy P.Chartier, Numerical Methods Design, Analysis and Computer Implementation of Algorithms, 2012
